-
TYAGI, DR. NIDHI & KATIYAR, DR. PRASHANT KUMAR AND KUMAR, DR. PRASHANT
Entry Personal Name
Number of records used in: 1
001 - CONTROL NUMBER
003 - CONTROL NUMBER IDENTIFIER
005 - DATE AND TIME OF LATEST TRANSACTION
- control field:
20251124120713.0
008 - FIXED-LENGTH DATA ELEMENTS
- fixed length control field:
251124|| aca||aabn | a|a d
040 ## - CATALOGING SOURCE
- Original cataloging agency:
JRU
- Transcribing agency:
JRU
100 ## - HEADING--PERSONAL NAME
- Personal name:
TYAGI, DR. NIDHI & KATIYAR, DR. PRASHANT KUMAR AND KUMAR, DR. PRASHANT
670 ## - SOURCE DATA FOUND
- Source citation:
Work cat.: (JRU)8972: TYAGI, DR. NIDHI & KATIYAR, DR. PRASHANT KUMAR AND KUMAR, DR. PRASHANT, PHARMACEUTICAL MICROBIOLOGY: AS PER PCI SYLLABUS FOR B PHARMA [3RD SEM], 2024